Normal view
MARC view
- SPACE AND TIME, RELATIVITY PHYSICS, QUANTUM THEORY
Entry Topical Term
001 - CONTROL NUMBER
- control field: 64155
003 - CONTROL NUMBER IDENTIFIER
- control field: NUST
005 - DATE AND TIME OF LATEST TRANSACTION
- control field: 20210628203230.0
008 - FIXED-LENGTH DATA ELEMENTS
- fixed length control field: 210628|| aca||aabn | a|a d
040 ## - CATALOGING SOURCE
- Original cataloging agency: NUST
- Transcribing agency: NUST
150 ## - HEADING--TOPICAL TERM
- Topical term or geographic name entry element: SPACE AND TIME, RELATIVITY PHYSICS, QUANTUM THEORY
670 ## - SOURCE DATA FOUND
- Source citation: Work cat.: (NUST): Barbour, Julian 64154, The end of time;the next revolution in physics, 2000
